| 000 | 01328nam2a22002531 4500 | ||
|---|---|---|---|
| 001 | RU\NLR\INFOCOMM4\1000551153 | ||
| 005 | 20250617060052.0 | ||
| 035 | _a(NLR Aleph) 002505843 | ||
| 090 |
_a2634786 _c2634786 |
||
| 100 | _a20040420d1985 |||y0rusy50 ca | ||
| 101 | 0 | _arus | |
| 102 | _aRU | ||
| 105 | _ay ||||||||| | ||
| 200 | 1 |
_aЗаготовка пневого осмола комплексными бригадами _fБ. А. Пинаев и др. |
|
| 210 |
_d1985 _aБ. м. |
||
| 461 | 0 |
_1001RU\NLR\INFOCOMM4\1000551130 _12001#$aЛесохимия и подсочка$eОбзор. информ$fВсесоюз. н.-и. и проект. ин-т экономики, орг. упр. пр-вом и информ. по лесн., целлюлоз.-бум. и деревообраб. пром-сти$v1985, Вып.1 _92634588 _cМ. _d1979- _fВсесоюз. н.-и. и проект. ин-т экономики, орг. упр. пр-вом и информ. по лесн., целлюлоз.-бум. и деревообраб. пром-сти _oОбзор. информ _tЛесохимия и подсочка _v1985, Вып.1 |
|
| 700 | 1 |
_aПинаев _bБ. А. _4070 |
|
| 801 | 1 |
_aRU _bInfoComm _c20040420 |
|
| 801 | 0 |
_aRU _bNLR _gPSBO |
|
| 852 |
_aNLR _jП10/5683 |
||
| 942 | _cISSUE | ||
| 980 | _aNB | ||
| 980 | _aRUSPER | ||